| 000 | 00378nam a2200145Ia 4500 | ||
|---|---|---|---|
| 005 | 20250729165759.0 | ||
| 008 | 250729s2017 xx 000 0 und d | ||
| 041 | _aeng | ||
| 082 | _a420.25 SAVC | ||
| 100 |
_aDr.Savitha Puri _9232823 |
||
| 245 | _aContent and Pedagogy of English | ||
| 260 |
_aBangalore _bSapna Book House _c2017 |
||
| 300 | _a121p | ||
| 650 |
_aEnglish _9232824 |
||
| 999 |
_c239974 _d239974 |
||